Ч. 2 : Менеджерское искусство; Практический менеджмент: Секреты современного бизнеса

Bibliographic Details
Parent link:Практический менеджмент: Секреты современного бизнеса: Пособие для руководителей, менеджеров и предпринимателей/ И. Д. Ладанов; под ред. П. И. Сергеюка. Ч. 2 : Менеджерское искусство.— , 1992
Language:Russian
Published: 1992
Subjects:
Format: Book
KOHA link:https://koha.lib.tpu.ru/cgi-bin/koha/opac-detail.pl?biblionumber=17550

MARC

LEADER 00000nam0a2200000 4500
001 17550
005 20231030190934.0
035 |a (RuTPU)RU\TPU\book\17694 
035 |a BOOK00002382 
090 |a 17550 
100 |a 20011209d1992 m y0rusy50 ca 
101 0 |a rus 
102 |a RU 
105 |a a j 000zy 
200 0 |a Ч. 2 : Менеджерское искусство 
210 |d 1992 
215 |a 192 с.  |c ил. 
461 |t Практический менеджмент: Секреты современного бизнеса  |o Пособие для руководителей, менеджеров и предпринимателей  |v Ч. 2 : Менеджерское искусство  |f И. Д. Ладанов  |g под ред. П. И. Сергеюка  |d 1992 
610 1 |a экономика 
610 1 |a бизнес 
610 1 |a управление 
610 1 |a менеджмент 
610 1 |a стратегическое планирование 
610 1 |a маркетинг 
610 1 |a оперативное управление 
610 1 |a учебные пособия 
675 |a 651.012.4(07)  |v 3 
686 |a У9(2)212я73  |2 rubbk 
801 0 |a RU  |b 63413507  |c 20011209  |g PSBO 
801 2 |a RU  |b 63413507  |c 20120202  |g PSBO 
900 |a Практический менеджмент 
942 |c BK